Score 0/7 Timer 03:00
0 Plays Today
Question Answer Wrong Answers
Apple releases the first generation of these tablet devices.
2010
iPad
78.8%
iPad Mini
4.9%
iPhone
8.8%
iMac
2.4%
This actor, who would go on to win an Oscar for his performance in 'The Godfather,' is born.
1924
Marlon Brando
77.9%
Al Pacino
11.4%
Robert De Niro
7%
Robert Duvall
1.2%
The Marshall Plan is signed into law after World War II by this US president.
1948
Harry S. Truman
70.7%
Dwight D. Eisenhower
12.6%
Franklin D. Roosevelt
11.6%
John F. Kennedy
1.4%
This man, also known as the 'Unabomber,' is arrested in his remote Montana home.
1996
Ted Kaczynski
70.5%
Charles Manson
3.5%
Timothy McVeigh
15.2%
Ted Bundy
6%
Martin Luther King Jr. delivers his 'I've Been to the Mountaintop' speech in this city on the day before he was murdered.
1968
Memphis
69.9%
Selma
12%
Washington, DC
10.7%
New Orleans
2.9%
This man, who would later become the leader of the Soviet Union, is appointed as the General Secretary of the Communist Party.
1922
Joseph Stalin
66.5%
Vladimir Lenin
22.1%
Leon Trotsky
2.9%
Nikita Khrushchev
7.2%
During the American Civil War, Union forces capture this Confederate capital city.
1865
Richmond
61.3%
Montgomery
12.1%
Atlanta
22.9%
Nashville
3.7%
Remove Ads.
Support Sporcle.
Get the best of Sporcle when you Go Orange. This ad-free experience offers more features, more stats, and more fun while also helping to support Sporcle. Thank you for becoming a member.

You're not logged in!

Compare scores with friends on all Sporcle quizzes.
OR
Log In

Show Comments

Extras

Top Quizzes Today


Score Distribution

Your Account Isn't Verified!

In order to create a playlist on Sporcle, you need to verify the email address you used during registration. Go to your Sporcle Settings to finish the process.

Report this User

Report this user for behavior that violates our Community Guidelines.

Details: